书目信息 |
| 题名: |
市场预测与决策
|
|
| 作者: | 王毅成 , 林根祥 主编 | |
| 分册: | ||
| 出版信息: | 武汉 武汉工业大学出版社 1998.12 |
|
| 页数: | 470页 | |
| 开本: | 20cm | |
| 丛书名: | ||
| 单 册: | ||
| 中图分类: | F713.54 | |
| 科图分类: | ||
| 主题词: | 商业经济--国内 | |
| 电子资源: | ||
| ISBN: | 7-5629-1377-3 | |
| 000 | 00630nam0 2200205 45 | |
| 001 | 0260916395 | |
| 005 | 20061213151653.32 | |
| 010 | @a7-5629-1377-3@dRMB 19.50 | |
| 100 | @a20020408d1998 km y0chiy0120 ea | |
| 101 | 0 | @achi |
| 102 | @aCN@b420000 | |
| 200 | 1 | @a市场预测与决策@Ashi chang yu ce yu jue ce@f王毅成,林根祥主编@FWang Yi Cheng,Lin Gen Xiang Zhu Bian |
| 210 | @a武汉@c武汉工业大学出版社@d1998.12 | |
| 215 | @a470页@d20cm | |
| 606 | 0 | @a商业经济@x国内 |
| 690 | @aF713.54@v3 | |
| 701 | 0 | @a王毅成@AWang Yi Cheng@4主编 |
| 701 | 0 | @a林根祥@ALin Gen Xiang@4主编 |
| 801 | 0 | @aCN@bPFT@c20061213 |
| 905 | @a10447@dF713.54@eW420 | |
| 市场预测与决策/王毅成,林根祥主编.-武汉:武汉工业大学出版社,1998.12 |
| 470页;20cm |
| ISBN 7-5629-1377-3:RMB 19.50 |
| ● |
| 相关链接 |
|
|
|
正题名:市场预测与决策
索取号:F713.54/W420
 
预约/预借
| 序号 | 登录号 | 条形码 | 馆藏地/架位号 | 状态 | 备注 |
| 1 | 356026 | 203560262 | 社科二线422/409社科库 44排3列2层/ [索取号:F713.54/W420] | 在馆 | |
| 2 | 356027 | 203560271 | 社科库409/409社科库 44排3列2层/ [索取号:F713.54/W420] | 在馆 | |
| 3 | 356028 | 203560280 | 社科二线422/409社科库 44排3列2层/ [索取号:F713.54/W420] | 在馆 | |
| 4 | 362262 | 203622623 | 社科库409/409社科库 44排3列2层/ [索取号:F713.54/W420] | 在馆 | |
| 5 | 444168 | 204441684 | 管理学院资料室/ [索取号:F713.54/W420] | 在馆 |